| 000 | 00616nam a2200193 a 4500 | ||
|---|---|---|---|
| 001 | BRCA_1878 | ||
| 005 | 20190320203602.0 | ||
| 008 | 110608s1971-------a---###---#000-0#spa-# | ||
| 050 | 4 |
_aD246 _b.B55 1971 |
|
| 100 | 1 |
_aBlitzer, Charles _95808 |
|
| 245 | 1 | 0 |
_aLa era de los reyes _cCharles Blitzer. |
| 260 |
_aAmsterdam _bTime-Life International _c1971 |
||
| 300 |
_a191 p. _bil. (algunas a color) _c27 cm. |
||
| 440 | 0 |
_aLas grandes épocas de la humanidad _95809 |
|
| 500 | _aIncluye índice alfabético | ||
| 504 | _aBibliografía : p. 186 | ||
| 650 | 1 | 4 |
_aHistoria moderna _ySiglo XVII _zEuropa _95810 |
| 942 |
_2lcc _cB |
||
| 999 |
_c1655 _d1655 |
||